| 000 -LEADER |
| fixed length control field |
01115nam a2200241Ia 4500 |
| 001 - CONTROL NUMBER |
| control field |
1971 |
| 003 - CONTROL NUMBER IDENTIFIER |
| control field |
GE_BSU |
| 005 - DATE AND TIME OF LATEST TRANSACTION |
| control field |
20221007114537.0 |
| 008 - FIXED-LENGTH DATA ELEMENTS--GENERAL INFORMATION |
| fixed length control field |
181216s2007ru xx |||||||||||||| ||rus|| |
| 020 ## - INTERNATIONAL STANDARD BOOK NUMBER |
| International Standard Book Number |
9785756704587 |
| 040 ## - CATALOGING SOURCE |
| Transcribing agency |
GE_BSU |
| 041 ## - LANGUAGE CODE |
| Language code of text/sound track or separate title |
rus |
| 080 ## - UNIVERSAL DECIMAL CLASSIFICATION NUMBER |
| Universal Decimal Classification number |
342.521(075.8)+328.34(075.8) Н-69 |
| 100 ## - MAIN ENTRY--PERSONAL NAME |
| Personal name |
Нисневич, Ю.А. |
| 9 (RLIN) |
15133 |
| 245 ## - TITLE STATEMENT |
| Title |
Законодательная деятельность. Политико-правовой анализ : |
| Remainder of title |
Учебник для студ. высш. учеб. завед. / |
| Statement of responsibility, etc. |
Ю.А. Нисневич, Д.Е. Платонов. |
| 264 ## - PRODUCTION, PUBLICATION, DISTRIBUTION, MANUFACTURE, AND COPYRIGHT NOTICE |
| Place of production, publication, distribution, manufacture |
Москва : |
| Name of producer, publisher, distributor, manufacturer |
Аспект-Пресс, |
| Date of production, publication, distribution, manufacture, or copyright notice |
2007. |
| 300 ## - PHYSICAL DESCRIPTION |
| Extent |
285 стр. : |
| Other physical details |
21 см. |
| 653 ## - INDEX TERM--UNCONTROLLED |
| keyword |
Законодательная деятельность. Политико-правовой анализ |
| 653 ## - INDEX TERM--UNCONTROLLED |
| keyword |
საკანონმდებლო საქმიანობა. პოლიტიკური და სამართლებრივი ანალიზი |
| 653 ## - INDEX TERM--UNCONTROLLED |
| keyword |
სამართალი |
| 700 ## - ADDED ENTRY--PERSONAL NAME |
| Personal name |
Платонов, Д.Е. |
| 9 (RLIN) |
15134 |
| 942 ## - ADDED ENTRY ELEMENTS (KOHA) |
| Koha item type |
წიგნი |
| Source of classification or shelving scheme |
|